000 00883nam a2200253 i 4500
003 DO-SdBNP
005 20240118130819.0
006 a||||gr|||| 00| 0
007 ta
008 240118b190? |||a|||| |||| 00| 0 spa d
040 _aDO-SdBNP
_bspa
_cBNPHU
_erda
082 4 _222
_bC753h
245 0 0 _aConquista de Higüey:
_blibro quinto, capítulo VII /
246 0 1 _aConquista de Higüey:
_blibro quinto, capítulo siete.
264 _a[sin lugar identificado] :
_b[sin editora],
_c[190]
300 _a15 páginas :
_bIlustraciones ;
_c27 cm.
336 _2rdacontent
_atexto
_btxt
337 _2rdamedia
_asin mediación
_bn
338 _2rdacarrier
_avolumen
_bnc
500 _aFragmento del quinto libro de Cristóbal Colón, capítulo VII páginas 547 - 562.
500 _aIncluye bibliografía y nota al pie de páginas.
590 _aInventariado 2024 / MF
942 _2ddc
_cLF2
999 _c55729
_d55729